000 00244nam a22001097a 4500
082 _a920/KUM
100 _aDeepak Kumar
_979971
245 _aHomi Jehangir Bhabha
260 _aDelhi
_bAtish Pra
_c2019
650 _aBiography
_979972
942 _cBK
999 _c63500
_d63500